[Event "Chigorin Memorial"]
[Site "St Petersburg"]
[Date "2015.10.08"]
[Round "6.83"]
[White "Nigmatov, Ortik"]
[Black "Yashmetov, Mikhail"]
[Result "1-0"]
[WhiteElo "2330"]
[BlackElo "2123"]
[PlyCount "73"]
[EventDate "2015.10.03"]
[EventRounds "9"]
[EventCountry "RUS"]

1. Nf3 Nf6 2. g3 g6 3. Bg2 Bg7 4. O-O O-O 5. d3 d5 6. Nbd2 c5 7. e4 Nc6 8. Re1
Re8 9. a4 h6 10. h3 dxe4 11. dxe4 Be6 12. c3 Qc7 13. Qc2 Red8 14. Bf1 Nd7 15.
Nc4 Nb6 16. Bf4 Qc8 17. Nxb6 axb6 18. Kh2 Na5 19. Nd2 c4 20. Be3 Qc7 21. f4 f5
22. Rad1 Nb3 23. Nxb3 cxb3 24. Qf2 Rxd1 25. Rxd1 Rxa4 26. exf5 gxf5 27. Bb5 Ra2
28. Rd2 Bxc3 29. Bxb6 Qc8 30. Re2 Bf6 31. Bd4 Kf7 32. Bxf6 exf6 33. Qd4 Ra8 34.
Qd6 Ra1 35. g4 fxg4 36. f5 g3+ 37. Kg2 1-0

[Event "Chigorin Memorial"]
[Site "St Petersburg"]
[Date "2015.10.08"]
[Round "6.84"]
[White "Derli, Olga"]
[Black "Timerkhanov, Alexander"]
[Result "1-0"]
[WhiteElo "2131"]
[BlackElo "2321"]
[PlyCount "69"]
[EventDate "2015.10.03"]
[EventRounds "9"]
[EventCountry "RUS"]

1. e4 c5 2. Nf3 d6 3. Bb5+ Nd7 4. O-O Ngf6 5. d3 a6 6. Bxd7+ Bxd7 7. e5 dxe5 8.
Nxe5 e6 9. Bf4 Be7 10. Nc3 O-O 11. Qf3 b5 12. Rfd1 Be8 13. d4 cxd4 14. Ne4 Nd5
15. Rxd4 f6 16. Nd3 Qb6 17. c3 Bc6 18. Qh3 Bb7 19. Bd6 e5 20. Bxe7 exd4 21.
Bxf8 Rxf8 22. cxd4 Qxd4 23. Qe6+ Kh8 24. Nd6 g6 25. Nxb7 Qxd3 26. Re1 Qd2 27.
g3 Kg7 28. Nd6 h5 29. Qd7+ Kh6 30. Rf1 h4 31. Nf7+ Kg7 32. Ng5+ Kh6 33. Ne6
hxg3 34. hxg3 Rg8 35. Nf4 1-0

[Event "Chigorin Memorial"]
[Site "St Petersburg"]
[Date "2015.10.08"]
[Round "6.85"]
[White "Samdanov, Samdan"]
[Black "Fraiman, Dmitry"]
[Result "1/2-1/2"]
[WhiteElo "2315"]
[BlackElo "2122"]
[PlyCount "113"]
[EventDate "2015.10.03"]
[EventRounds "9"]
[EventCountry "RUS"]

1. d4 Nf6 2. c4 g6 3. Nc3 Bg7 4. e4 d6 5. f3 O-O 6. Be3 Nc6 7. Nge2 a6 8. Qd2
Na5 9. Ng3 b5 10. Bh6 Be6 11. d5 Bd7 12. h4 Nxc4 13. Bxc4 bxc4 14. h5 c6 15.
hxg6 fxg6 16. Bxg7 Kxg7 17. Qh6+ Kg8 18. O-O-O Qb6 19. e5 dxe5 20. d6 Rf7 21.
dxe7 Rb8 22. Rd2 Qb4 23. Nge4 Qxe7 24. Nxf6+ Qxf6 25. Ne4 Qe7 26. Qe3 Bf5 27.
Nd6 Rff8 28. Nxc4 Qf7 29. Qc3 e4 30. g4 Be6 31. Ne5 Qg7 32. fxe4 Rb5 33. Nxc6
Qxc3+ 34. bxc3 Bxg4 35. Rd5 Rf2 36. Rxb5 axb5 37. Nd4 Rxa2 38. Kb1 Rf2 39. Nxb5
Re2 40. Nd6 Bf3 41. Rf1 Bxe4+ 42. Nxe4 Rxe4 43. Kc2 h5 44. Kd3 Re8 45. c4 Kg7
46. c5 h4 47. c6 g5 48. c7 Kg6 49. Rc1 Rc8 50. Ke4 Kh5 51. Kf3 g4+ 52. Kg2 Kg5
53. Rc5+ Kf4 54. Rc4+ Kf5 55. Rc5+ Kf6 56. Rc4 h3+ 57. Kg3 1/2-1/2

[Event "Chigorin Memorial"]
[Site "St Petersburg"]
[Date "2015.10.08"]
[Round "6.86"]
[White "Gogolev, Artem"]
[Black "Smirnov, Mikhail"]
[Result "1-0"]
[WhiteElo "2306"]
[BlackElo "2115"]
[PlyCount "104"]
[EventDate "2015.10.03"]
[EventRounds "9"]
[EventCountry "RUS"]

1. d4 Nf6 2. Bg5 Ne4 3. Bh4 g6 4. f3 Nf6 5. e4 d6 6. Nc3 Bg7 7. e5 Nfd7 8. f4
Nb6 9. a4 a5 10. Nf3 Be6 11. Bd3 Na6 12. Be4 c6 13. Ng5 Bc8 14. Bf3 dxe5 15.
fxe5 f6 16. exf6 exf6 17. Qe2+ Qe7 18. Nge4 Be6 19. O-O O-O 20. Rfe1 Rae8 21.
Bg3 Nc8 22. Qd2 Qd7 23. Rad1 Rd8 24. Ne2 b6 25. Nf4 Bf7 26. h4 f5 27. Ng5 Qxd4+
28. Qxd4 Bxd4+ 29. Rxd4 Rxd4 30. Nfe6 Bxe6 31. Nxe6 Rd2 32. Nxf8 Kxf8 33. Bxc6
Ne7 34. Bb5 Nb4 35. c3 Nd3 36. Bxd3 Rxd3 37. Be5 Kf7 38. Bd4 Nc8 39. Re5 Nd6
40. Bxb6 Ne4 41. Rxa5 Nf6 42. Kf1 Ne4 43. Ra8 Rd1+ 44. Ke2 Rd2+ 45. Ke3 Rxb2
46. Bd4 Rxg2 47. a5 Rg3+ 48. Kf4 Ke6 49. a6 Rg4+ 50. Ke3 Rg3+ 51. Ke2 f4 52.
Re8+ Kf5 1-0

[Event "Chigorin Memorial"]
[Site "St Petersburg"]
[Date "2015.10.08"]
[Round "6.88"]
[White "Tarasov, Alexandr"]
[Black "Eryshkanova, Anastasiya"]
[Result "1-0"]
[WhiteElo "2297"]
[BlackElo "2108"]
[PlyCount "129"]
[EventDate "2015.10.03"]
[EventRounds "9"]
[EventCountry "RUS"]

1. d4 f5 2. e4 fxe4 3. Nc3 Nf6 4. Bg5 g6 5. h4 d5 6. h5 Bg7 7. h6 Bf8 8. f3 Qd6
9. Nge2 Bf5 10. Qd2 exf3 11. gxf3 Nbd7 12. O-O-O a6 13. Nf4 O-O-O 14. Bd3 Bxd3
15. Qxd3 e5 16. Nfxd5 Nxd5 17. dxe5 Nxe5 18. Qxd5 Qxd5 19. Nxd5 Re8 20. Bf6 Rg8
21. Rde1 Bd6 22. Bg7 Nf7 23. Rxe8+ Rxe8 24. Nf6 Bf4+ 25. Kb1 Re3 26. c3 Ng5 27.
Rf1 c6 28. Kc2 Re2+ 29. Kb3 Nf7 30. Rh1 Rh2 31. Rxh2 Bxh2 32. Nxh7 Bf4 33. Nf8
Nxh6 34. Nxg6 Be3 35. Ne5 Nf5 36. Bf6 Kc7 37. Nc4 Bf2 38. Be5+ Kd7 39. Na5 b6
40. Nc4 b5 41. Nd2 Ke6 42. Bf4 Nh4 43. Bg5 Nf5 44. Kc2 a5 45. Kd3 a4 46. Nf1
Bb6 47. Be3 Bc7 48. Bc5 Ke5 49. Bg1 Ba5 50. Bh2+ Kd5 51. Nd2 Bd8 52. Bb8 Bf6
53. f4 Bg7 54. Bc7 Ke6 55. Nb1 c5 56. Na3 Kd5 57. c4+ Kc6 58. Be5 Bxe5 59.
cxb5+ Kd5 60. fxe5 Nd4 61. b6 Nc6 62. Nc4 Nb4+ 63. Kd2 Nc6 64. b7 Kxc4 65. e6
1-0

[Event "Chigorin Memorial"]
[Site "St Petersburg"]
[Date "2015.10.08"]
[Round "6.89"]
[White "Shemeakin, Alexander"]
[Black "Lagashin, Pavel"]
[Result "1/2-1/2"]
[WhiteElo "2275"]
[BlackElo "2107"]
[PlyCount "138"]
[EventDate "2015.10.03"]
[EventRounds "9"]
[EventCountry "RUS"]

1. d4 Nf6 2. c4 c5 3. d5 b5 4. Nf3 Bb7 5. Qc2 bxc4 6. e4 e6 7. Bxc4 exd5 8.
exd5 d6 9. O-O Be7 10. Nc3 Nbd7 11. a4 Nb6 12. Bb5+ Kf8 13. Bc6 Qc8 14. Bg5
Bxc6 15. dxc6 Qxc6 16. Rfe1 Re8 17. Rad1 Nbd5 18. Nxd5 Nxd5 19. Qf5 Bxg5 20.
Nxg5 Nf6 21. b3 d5 22. Rxe8+ Qxe8 23. Nf3 Qe6 24. Qf4 Qb6 25. Re1 h6 26. h4 g6
27. a5 Qd8 28. g4 Kg7 29. g5 hxg5 30. hxg5 Ne4 31. Qe5+ f6 32. gxf6+ Qxf6 33.
Qc7+ Qf7 34. Qe5+ Kg8 35. Rxe4 dxe4 36. Ng5 Qd7 37. Qb8+ Kg7 38. Qe5+ Kg8 39.
Qb8+ Kg7 40. Qe5+ Kh6 41. Qxh8+ Kxg5 42. Qe5+ Qf5 43. Qe7+ Kg4 44. Qxa7 e3 45.
fxe3 Qb1+ 46. Kf2 Qc2+ 47. Ke1 Kf3 48. Qf7+ Kxe3 49. Qe6+ Kf3 50. Qd5+ Ke3 51.
Qe6+ Kf3 52. Qh3+ Kf4 53. Qh4+ Kf3 54. Qf6+ Ke3 55. Qe6+ Kf3 56. Qc4 Qb1+ 57.
Kd2 Qa2+ 58. Kd3 Qe2+ 59. Kc3 Qe1+ 60. Kc2 Qxa5 61. Qf7+ Ke3 62. Qe6+ Kd4 63.
Qd6+ Ke3 64. Qd3+ Kf4 65. Qxg6 Qa2+ 66. Kc3 Qa1+ 67. Kd2 Qb2+ 68. Qc2 Qxc2+ 69.
Kxc2 Ke4 1/2-1/2

[Event "Chigorin Memorial"]
[Site "St Petersburg"]
[Date "2015.10.08"]
[Round "6.90"]
[White "Ovchinnikov, Vsevolod"]
[Black "Protopopova, Anastasiya"]
[Result "0-1"]
[WhiteElo "2273"]
[BlackElo "2102"]
[PlyCount "96"]
[EventDate "2015.10.03"]
[EventRounds "9"]
[EventCountry "RUS"]

1. d4 Nf6 2. c4 e6 3. Nf3 b6 4. g3 Ba6 5. Qc2 Bb4+ 6. Bd2 Be7 7. Bg2 O-O 8. O-O
c6 9. Rd1 d5 10. b3 Nbd7 11. a4 c5 12. a5 dxc4 13. bxc4 Qc8 14. Be3 cxd4 15.
Nxd4 Bb7 16. Bxb7 Qxb7 17. a6 Qc8 18. Qa4 Ng4 19. Nc6 Bf6 20. Bd4 e5 21. Be3
Nxe3 22. fxe3 Nc5 23. Qb5 Qg4 24. Nc3 e4 25. Nd4 Be5 26. Kh1 Rfd8 27. Nd5 Rd6
28. Rg1 h5 29. Raf1 h4 30. gxh4 Qxh4 31. Rg2 Rg6 32. Nf5 Rxg2 33. Nxh4 Rxh2+
34. Kg1 Rxh4 35. Ne7+ Kh7 36. Rxf7 Rd8 37. Nd5 Rd6 38. Kf2 Rg6 39. Nf4 Rh2+ 40.
Ke1 Rg1+ 41. Kd2 Rhh1 42. Nd3 Rd1+ 43. Kc2 exd3+ 44. exd3 Rc1+ 45. Kd2 Rhd1+
46. Ke2 Re1+ 47. Kf3 Rf1+ 48. Kg4 Rxf7 0-1

[Event "Chigorin Memorial"]
[Site "St Petersburg"]
[Date "2015.10.08"]
[Round "6.91"]
[White "Veselov, Andrey"]
[Black "Pogorelskikh, Sergey"]
[Result "0-1"]
[WhiteElo "2105"]
[BlackElo "2272"]
[PlyCount "68"]
[EventDate "2015.10.03"]
[EventRounds "9"]
[EventCountry "RUS"]

1. e4 Nc6 2. Nc3 Nf6 3. d4 d6 4. Bg5 g6 5. Be2 Bg7 6. h3 h6 7. Be3 e5 8. d5 Nd4
9. Bxd4 exd4 10. Qxd4 O-O 11. Qd3 Re8 12. O-O-O Qe7 13. Bf3 Nd7 14. Nge2 Nc5
15. Qd2 Bd7 16. Nd4 b5 17. Rhe1 b4 18. Nb1 a5 19. g3 a4 20. Qxb4 Reb8 21. Qd2
Qf6 22. Bg2 Rb6 23. Na3 Rab8 24. Nc4 Rb4 25. Bf1 Bxh3 26. e5 dxe5 27. Nc6 Bxf1
28. Nxb8 Rxc4 29. Rxf1 e4 30. c3 a3 31. Nc6 axb2+ 32. Kxb2 Rxc3 33. Qf4 Rb3+
34. Kc2 Qc3# 0-1

[Event "Chigorin Memorial"]
[Site "St Petersburg"]
[Date "2015.10.08"]
[Round "6.92"]
[White "Muromtsev, Arthur"]
[Black "Trapeznikova, Darya"]
[Result "0-1"]
[WhiteElo "2265"]
[BlackElo "2092"]
[PlyCount "80"]
[EventDate "2015.10.03"]
[EventRounds "9"]
[EventCountry "RUS"]

1. e4 e6 2. d4 d5 3. Nc3 Bb4 4. e5 Ne7 5. Nf3 b6 6. a3 Bxc3+ 7. bxc3 c5 8. h4
h5 9. Bb5+ Bd7 10. Be2 Nbc6 11. Ng5 Nf5 12. Bxh5 g6 13. Bg4 cxd4 14. Bxf5 exf5
15. cxd4 Qc7 16. Kf1 Rc8 17. Bf4 Be6 18. Rh3 Na5 19. h5 Ke7 20. Rc1 Qb8 21. h6
Rc4 22. h7 Qc7 23. Nxe6 fxe6 24. Qf3 Ke8 25. Qg3 Qf7 26. Qh4 Rc7 27. Qg5 Rxh7
28. Rxh7 Qxh7 29. Qf6 Qf7 30. Qh8+ Qf8 31. Qh4 Qe7 32. Qg3 Qh7 33. Bg5 Nc4 34.
Ke2 Nxa3 35. Bf6 Nxc2 36. Kd2 Nxd4 37. Rxc7 Qxc7 38. Qxg6+ Kd7 39. Qg8 Qc2+ 40.
Ke3 f4+ 0-1

[Event "Chigorin Memorial"]
[Site "St Petersburg"]
[Date "2015.10.08"]
[Round "6.93"]
[White "Grinblat, Artemiy"]
[Black "Bekhovskiy, Mikhail"]
[Result "0-1"]
[WhiteElo "2099"]
[BlackElo "2264"]
[PlyCount "40"]
[EventDate "2015.10.03"]
[EventRounds "9"]
[EventCountry "RUS"]

1. e4 e5 2. Nf3 Nc6 3. d4 exd4 4. Nxd4 Nf6 5. Nxc6 bxc6 6. e5 Qe7 7. Qe2 Nd5 8.
c4 Ba6 9. b3 g6 10. Ba3 d6 11. exd6 Qxe2+ 12. Bxe2 Bg7 13. cxd5 Bxe2 14. Kxe2
Bxa1 15. dxc6 cxd6 16. Bxd6 O-O-O 17. Bf4 Rhe8+ 18. Be3 Bd4 19. Na3 Re6 20. Rc1
Bb2 0-1

[Event "Chigorin Memorial"]
[Site "St Petersburg"]
[Date "2015.10.08"]
[Round "6.95"]
[White "Saveliev, Alexei"]
[Black "Palin, Denis"]
[Result "1-0"]
[WhiteElo "2253"]
[BlackElo "2081"]
[PlyCount "133"]
[EventDate "2015.10.03"]
[EventRounds "9"]
[EventCountry "RUS"]

1. e4 e6 2. d4 d5 3. Nc3 dxe4 4. Nxe4 Nd7 5. Nf3 Ngf6 6. Bd3 c5 7. Be3 Nxe4 8.
Bxe4 Nf6 9. Bd3 Qc7 10. O-O Be7 11. Qe2 O-O 12. dxc5 Bxc5 13. Bg5 Be7 14. Rad1
Bd7 15. Rfe1 Rfd8 16. c3 Be8 17. Nd4 Rd5 18. Bh4 Bd6 19. Bxf6 gxf6 20. Qg4+ Rg5
21. Qh4 Rg7 22. Rxe6 Bxh2+ 23. Kh1 Be5 24. Rxe5 fxe5 25. Nf5 Qd8 26. Qh3 Rg6
27. Ne3 Rg7 28. Nf5 Rg6 29. Ne3 Rg7 30. Nf5 Rg5 31. Bc2 Qb6 32. Qh4 f6 33. Kg1
Bc6 34. g3 Rd8 35. Qc4+ Kf8 36. Re1 Bd5 37. Qh4 Rd7 38. Qh6+ Kg8 39. Rxe5 Rxg3+
40. Nxg3 fxe5 41. Qg5+ Rg7 42. Qxe5 Qe6 43. Qb8+ Kf7 44. Qc7+ Qe7 45. Qf4+ Kg8
46. Qb8+ Qf8 47. Qxa7 Qf3 48. Qb8+ Kf7 49. Qc7+ Kf6 50. Qd6+ Kf7 51. Qc7+ Kf6
52. Qd6+ Kf7 53. Qc7+ Kf6 54. Qd6+ Kf7 55. Kf1 Bc4+ 56. Ke1 Qd5 57. Qc7+ Kg8
58. Qc8+ Kf7 59. Be4 Qb5 60. Qc7+ Kf6 61. Qf4+ Ke6 62. b3 Bd3 63. Qh6+ Kf7 64.
Qf4+ Ke6 65. Nf5 Rg1+ 66. Kd2 Bxe4 67. Nd4+ 1-0

[Event "Chigorin Memorial"]
[Site "St Petersburg"]
[Date "2015.10.08"]
[Round "6.96"]
[White "Nasibullin, Iskander"]
[Black "Petrov, Dmitri"]
[Result "1-0"]
[WhiteElo "2075"]
[BlackElo "2245"]
[PlyCount "69"]
[EventDate "2015.10.03"]
[EventRounds "9"]
[EventCountry "RUS"]

1. e4 d5 2. exd5 Qxd5 3. Nc3 Qd6 4. d4 Nf6 5. Nf3 g6 6. Nb5 Qb6 7. Na3 c6 8.
Nc4 Qc7 9. Nce5 Bg7 10. Bc4 O-O 11. O-O Bf5 12. c3 Nbd7 13. Re1 Rad8 14. Bf4
Qb6 15. Qd2 Nxe5 16. Bxe5 Rfe8 17. Rad1 Be4 18. Bxf7+ Kxf7 19. Ng5+ Kg8 20.
Nxe4 Qa5 21. Nc5 Qxa2 22. Nxb7 Rd7 23. Nc5 Rdd8 24. Ra1 Qd5 25. Qc2 Ra8 26. Ra6
Rf8 27. f3 Bh6 28. c4 Qd8 29. Rxc6 Qa5 30. Rd1 Rfc8 31. Rxc8+ Rxc8 32. Bxf6
exf6 33. Qe4 Qb6 34. b3 Kf7 35. Qd5+ 1-0

[Event "Chigorin Memorial"]
[Site "St Petersburg"]
[Date "2015.10.08"]
[Round "6.97"]
[White "Vaseptsov, Maxim"]
[Black "Tishova, Svetlana"]
[Result "1/2-1/2"]
[WhiteElo "2241"]
[BlackElo "2058"]
[PlyCount "141"]
[EventDate "2015.10.03"]
[EventRounds "9"]
[EventCountry "RUS"]

1. e4 c5 2. Nf3 e6 3. d4 cxd4 4. Nxd4 a6 5. Bd3 Nf6 6. O-O Qc7 7. Qe2 Bd6 8.
Kh1 Nc6 9. Nxc6 dxc6 10. f4 e5 11. Nd2 b5 12. fxe5 Bxe5 13. Nf3 Bg4 14. Qe3
Bxf3 15. gxf3 Qd7 16. f4 Bd4 17. Qf3 Qg4 18. e5 Qxf3+ 19. Rxf3 Nd7 20. Be4 Rc8
21. Rd3 Bb6 22. Rd6 Nb8 23. Bd2 Bc5 24. Rd3 Rd8 25. Rxd8+ Kxd8 26. Ba5+ Kc8 27.
Kg2 Kb7 28. Rd1 Re8 29. Kf3 h6 30. h4 h5 31. a3 g6 32. Bc3 Be7 33. e6 f5 34.
Bd3 Bxh4 35. e7 Rxe7 36. Rh1 g5 37. fxg5 Bxg5 38. Rxh5 Be3 39. Bf6 Re6 40. Rh7+
Ka8 41. Bd8 Rh6 42. Rf7 Rh3+ 43. Kg2 Rh8 44. Bf6 Rg8+ 45. Kf3 Bc5 46. Bg7 Re8
47. Rxf5 Bd6 48. Be4 Kb7 49. Bd4 Rf8 50. Kg4 Nd7 51. Rxf8 Bxf8 52. Kf5 Kc7 53.
Kg6 Bc5 54. Bg7 Bd6 55. Kf5 Bf8 56. Bh8 Kd6 57. Bg2 Bh6 58. Bh3 Bc1 59. Bg7 Be3
60. Ke4 Bg5 61. Kf5 Be3 62. Bc3 Bg1 63. Kg6 Bh2 64. Bb4+ Kc7 65. Kf7 Be5 66. b3
Bg3 67. Ke7 Nb6 68. Be6 Nd5+ 69. Bxd5 cxd5 70. Ke6 Kc6 71. Be7 1/2-1/2

[Event "Chigorin Memorial"]
[Site "St Petersburg"]
[Date "2015.10.08"]
[Round "6.98"]
[White "Kakabayaev, Mergen"]
[Black "Kulagin, Sergey"]
[Result "1-0"]
[WhiteElo "2239"]
[BlackElo "2055"]
[PlyCount "77"]
[EventDate "2015.10.03"]
[EventRounds "9"]
[EventCountry "RUS"]

1. e4 c5 2. Nf3 Nc6 3. c4 e5 4. d3 d6 5. h3 f5 6. exf5 Bxf5 7. Nc3 Be7 8. Be2
Nf6 9. Bg5 O-O 10. O-O a6 11. a3 Rb8 12. Rb1 Nh5 13. Bxe7 Nxe7 14. g4 Nf4 15.
gxf5 Nxf5 16. Kh2 Qd7 17. Ng1 Nd4 18. Bg4 Qe7 19. Ne4 g6 20. Nf3 h5 21. Nxd4
hxg4 22. Nc2 Rf5 23. Qxg4 Rh5 24. Rh1 Rh4 25. Qd1 Kg7 26. Kg1 Rbh8 27. Kf1 Qe6
28. Ne3 Nxh3 29. Rxh3 Rxh3 30. Ke2 Rh2 31. Qg1 Qh3 32. Qg4 Qxg4+ 33. Nxg4 Rh1
34. Rxh1 Rxh1 35. Ne3 b5 36. Nxd6 b4 37. axb4 cxb4 38. c5 Kf6 39. c6 1-0

[Event "Chigorin Memorial"]
[Site "St Petersburg"]
[Date "2015.10.08"]
[Round "6.99"]
[White "Kharlamov, Igor"]
[Black "Kuzmin, Egor"]
[Result "0-1"]
[WhiteElo "2065"]
[BlackElo "2232"]
[PlyCount "84"]
[EventDate "2015.10.03"]
[EventRounds "9"]
[EventCountry "RUS"]

1. d4 Nf6 2. c4 e6 3. Nf3 c5 4. d5 b5 5. Bg5 b4 6. e4 h6 7. Bxf6 gxf6 8. Bd3
Qc7 9. O-O Bd6 10. a3 Na6 11. axb4 Nxb4 12. Nc3 a6 13. Nb5 Qb8 14. Nxd6+ Qxd6
15. g3 Rb8 16. Bb1 h5 17. Re1 h4 18. e5 Qf8 19. Ra5 hxg3 20. fxg3 f5 21. dxe6
fxe6 22. Qd6 Nc6 23. Rxc5 Rxb2 24. Rxc6 dxc6 25. Qd4 Rb7 26. Qd6 Rb3 27. Qc7
Bd7 28. Rd1 Qc5+ 29. Kg2 Rb2+ 30. Kh1 Qe7 31. Qd6 Qxd6 32. exd6 Rf2 33. Nh4 c5
34. Kg1 Re2 35. Bd3 Rb2 36. Bf1 a5 37. Bg2 a4 38. Ra1 Kf7 39. Nf3 Kf6 40. Ne1
Rd2 41. Ra3 Rd1 42. Re3 a3 0-1

[Event "Chigorin Memorial"]
[Site "St Petersburg"]
[Date "2015.10.08"]
[Round "6.100"]
[White "Mesnyankin, Nikita"]
[Black "Shuster, Andrei"]
[Result "1-0"]
[WhiteElo "2218"]
[BlackElo "2053"]
[PlyCount "91"]
[EventDate "2015.10.03"]
[EventRounds "9"]
[EventCountry "RUS"]

1. e4 e6 2. d4 d5 3. Nc3 dxe4 4. Nxe4 Nf6 5. Bg5 Nbd7 6. Nf3 h6 7. Nxf6+ Nxf6
8. Bxf6 Qxf6 9. Ne5 c6 10. Bd3 Bd6 11. Qe2 Bd7 12. O-O-O O-O-O 13. Kb1 Kb8 14.
Qe4 Bc8 15. c3 Rhe8 16. f4 Re7 17. Rhe1 Rc7 18. b4 Qe7 19. Nc4 f5 20. Qe3 Bxb4
21. cxb4 Qxb4+ 22. Nb2 Rxd4 23. a3 Qb6 24. Qe5 Ka8 25. Bc2 c5 26. Rxd4 cxd4 27.
Rd1 Rd7 28. Rd3 a6 29. Bb3 Qc6 30. g3 g5 31. Qxe6 Qh1+ 32. Ka2 Qxh2 33. Rxd4
Rc7 34. Rd8 Kb8 35. Qd6 gxf4 36. Rxc8+ Kxc8 37. Be6+ Kb8 38. Qd8+ Ka7 39. Qxc7
Qg2 40. Qxf4 h5 41. Qd4+ Kb8 42. Qe5+ Ka7 43. Bxf5 Qf2 44. Qf4 Qc5 45. Nc4 b5
46. Qe3 1-0

[Event "Chigorin Memorial"]
[Site "St Petersburg"]
[Date "2015.10.08"]
[Round "6.101"]
[White "Ivlev, Aleksey"]
[Black "Tebenkov, Vladislav"]
[Result "1-0"]
[WhiteElo "2215"]
[BlackElo "2050"]
[PlyCount "59"]
[EventDate "2015.10.03"]
[EventRounds "9"]
[EventCountry "RUS"]

1. d4 f5 2. Nc3 Nf6 3. Bg5 e6 4. e4 Be7 5. exf5 exf5 6. Bc4 Bb4 7. Nge2 d5 8.
Bxf6 gxf6 9. Bd3 Nc6 10. O-O O-O 11. Nf4 Ne7 12. Qf3 c6 13. Rfe1 Qd6 14. Re2
Ng6 15. Nh5 f4 16. Bxg6 hxg6 17. Nxf4 Kg7 18. Rae1 Qc7 19. Qg3 Qf7 20. a3 Bd6
21. Nh5+ Kh8 22. Qxd6 gxh5 23. Re7 Qg8 24. R1e3 Bf5 25. Rg3 Bg6 26. Ne2 Rae8
27. Nf4 Rxe7 28. Qxe7 Re8 29. Qxf6+ Kh7 30. h4 1-0

[Event "Chigorin Memorial"]
[Site "St Petersburg"]
[Date "2015.10.08"]
[Round "6.102"]
[White "Zhikharev, Valeriy"]
[Black "Golikov, Daniil"]
[Result "1/2-1/2"]
[WhiteElo "2212"]
[BlackElo "2039"]
[PlyCount "115"]
[EventDate "2015.10.03"]
[EventRounds "9"]
[EventCountry "RUS"]

1. d4 Nf6 2. c4 g6 3. Nc3 Bg7 4. e4 d6 5. Bd3 e5 6. d5 O-O 7. Nge2 Nbd7 8. O-O
Nh5 9. Be3 f5 10. exf5 gxf5 11. f4 exf4 12. Nxf4 Nxf4 13. Bxf4 Ne5 14. Be2 Ng6
15. Be3 Bf6 16. c5 Qe7 17. Bf2 dxc5 18. Qb3 Kh8 19. Rae1 b6 20. Kh1 Qf7 21. Bh5
Ba6 22. Rg1 Bd4 23. Bxd4+ cxd4 24. Ne2 Bxe2 25. Rxe2 c5 26. Re6 Rae8 27. Rge1
Rxe6 28. dxe6 Qf6 29. Bxg6 hxg6 30. e7 Re8 31. Qd5 Kg7 32. Qd7 Qf7 33. h3 d3
34. a3 d2 35. Qxd2 Rxe7 36. Qc3+ Kh7 37. Rd1 Qe8 38. Qg3 Kg7 39. Rd6 Re6 40.
Rd5 Qe7 41. Rxf5 Qd6 42. Qxd6 Rxd6 43. Rf2 c4 44. h4 b5 45. g3 Rd3 46. Kg2 Rb3
47. g4 a5 48. Rd2 a4 49. Re2 c3 50. bxc3 Rxa3 51. Re7+ Kf6 52. Rb7 Rb3 53. Rb6+
Kg7 54. Rb7+ Kh6 55. Kh2 a3 56. Kg2 Rxc3 57. Rxb5 Kg7 58. Ra5 1/2-1/2

[Event "Chigorin Memorial"]
[Site "St Petersburg"]
[Date "2015.10.08"]
[Round "6.103"]
[White "Mamyrbay, Assad"]
[Black "Repkin, Alexander"]
[Result "0-1"]
[WhiteElo "2195"]
[BlackElo "2013"]
[PlyCount "138"]
[EventDate "2015.10.03"]
[EventRounds "9"]
[EventCountry "RUS"]

1. e4 e6 2. d4 d5 3. Nc3 Bb4 4. e5 Ne7 5. a3 Bxc3+ 6. bxc3 c5 7. h4 Qc7 8. Nf3
h6 9. a4 b6 10. Bb5+ Bd7 11. Bd3 Bc8 12. h5 Ba6 13. Bb5+ Bxb5 14. axb5 a5 15.
bxa6 Rxa6 16. Rxa6 Nxa6 17. O-O O-O 18. Nh4 Nb8 19. f4 f5 20. exf6 Rxf6 21. Qd3
Nd7 22. Bd2 Nf5 23. Nxf5 Rxf5 24. Re1 Qc6 25. Qe2 Nf8 26. g4 Rf7 27. Qd3 Rc7
28. Be3 Rf7 29. Rf1 Nd7 30. g5 hxg5 31. fxg5 Rxf1+ 32. Qxf1 cxd4 33. g6 Nf6 34.
Bxd4 e5 35. Bxe5 Qe6 36. Bxf6 gxf6 37. Qf3 Kg7 38. Kf2 Qe5 39. Qg4 Qxc3 40. h6+
Kxh6 41. g7 Qxc2+ 42. Kg1 Qc1+ 43. Kh2 Qc7+ 44. Kh3 Qxg7 45. Qh4+ Kg6 46. Qg4+
Kh7 47. Qf5+ Qg6 48. Qxd5 f5 49. Qd7+ Kh6 50. Qd8 Qe6 51. Qh4+ Kg6 52. Qg3+ Kf6
53. Qc3+ Kg6 54. Qg3+ Kh7 55. Qc7+ Kh8 56. Qb8+ Kg7 57. Qc7+ Kf6 58. Qc3+ Qe5
59. Qc6+ Kg5 60. Qxb6 Qc3+ 61. Kg2 Qd3 62. Qf2 Kg4 63. Qb6 Qe2+ 64. Kg1 Kg3 65.
Qb3+ Kg4 66. Qa4+ Kf3 67. Qc6+ Qe4 68. Qg6 Qg4+ 69. Qxg4+ fxg4 0-1

[Event "Chigorin Memorial"]
[Site "St Petersburg"]
[Date "2015.10.08"]
[Round "6.104"]
[White "Baraeva, Marina"]
[Black "Khalaji, Hanieh"]
[Result "1/2-1/2"]
[WhiteElo "2189"]
[BlackElo "2006"]
[PlyCount "65"]
[EventDate "2015.10.03"]
[EventRounds "9"]
[EventCountry "RUS"]

1. d4 Nf6 2. c4 e6 3. Nc3 Bb4 4. Qc2 d6 5. Nf3 Nc6 6. Bg5 h6 7. Bxf6 Qxf6 8. e3
Bxc3+ 9. Qxc3 e5 10. d5 Ne7 11. Be2 Bg4 12. Qb3 O-O 13. O-O b6 14. a3 Nf5 15.
Qc2 Rfe8 16. Rad1 Bxf3 17. Bxf3 Qg5 18. Be4 Nh4 19. f4 exf4 20. exf4 Qh5 21. h3
f5 22. Bd3 Re3 23. Qf2 Rae8 24. Rfe1 Nxg2 25. Rxe3 Rxe3 26. Rd2 Qxh3 27. Bf1
Rf3 28. Qe2 Re3 29. Qf2 Rf3 30. Qe2 Re3 31. Qf2 Rf3 32. Qe2 Re3 33. Qf2 1/2-1/2

[Event "Chigorin Memorial"]
[Site "St Petersburg"]
[Date "2015.10.08"]
[Round "6.105"]
[White "Khmelev, Mikhail"]
[Black "Derakhshani, Borna"]
[Result "0-1"]
[WhiteElo "1988"]
[BlackElo "2186"]
[PlyCount "94"]
[EventDate "2015.10.03"]
[EventRounds "9"]
[EventCountry "RUS"]

1. e4 e5 2. Nf3 Nc6 3. d4 exd4 4. Nxd4 g6 5. Bc4 Bg7 6. Be3 Nf6 7. Nxc6 bxc6 8.
e5 Nd5 9. Bxd5 cxd5 10. Qxd5 Rb8 11. O-O O-O 12. f4 d6 13. Nc3 Be6 14. Qd4 Rxb2
15. Nd5 Rxc2 16. Nf6+ Bxf6 17. exf6 c5 18. Qa4 Bf5 19. Rf2 Qxf6 20. Rd1 Qc3 21.
Qb3 Qxb3 22. axb3 Rc3 23. Bd2 Rxb3 24. Ba5 Bd3 25. g4 f5 26. Bc7 Rf6 27. gxf5
gxf5 28. Rg2+ Kf7 29. Ra1 Rb7 30. Bd8 Rg6 31. Rxg6 hxg6 32. Kf2 Be4 33. Ra6 Ke6
34. h4 Rd7 35. Bg5 Kd5 36. Ke3 Kc4 37. Bf6 d5 38. Be5 d4+ 39. Kd2 Rh7 40. Bf6
Rb7 41. Ra4+ Kb5 42. Ra1 a5 43. Rg1 Kc4 44. Rc1+ Kd5 45. Ra1 Ra7 46. Ra4 Kc6
47. Bd8 Ra8 0-1

[Event "Chigorin Memorial"]
[Site "St Petersburg"]
[Date "2015.10.08"]
[Round "6.106"]
[White "Zherebtsova, Alexandra"]
[Black "Privorotsky, Oleg"]
[Result "0-1"]
[WhiteElo "2181"]
[BlackElo "1985"]
[PlyCount "90"]
[EventDate "2015.10.03"]
[EventRounds "9"]
[EventCountry "RUS"]

1. d4 d5 2. Nf3 Nf6 3. e3 Bf5 4. c4 e6 5. Nc3 c6 6. Nh4 Bg6 7. Be2 Bd6 8. Qb3
Qc7 9. c5 Be7 10. Nxg6 hxg6 11. Bd2 Nbd7 12. f4 Rb8 13. Qc2 b6 14. b4 bxc5 15.
bxc5 g5 16. g3 gxf4 17. exf4 Ng8 18. Be3 Bf6 19. O-O Ne7 20. Bd3 Nxc5 21. dxc5
d4 22. Ne4 dxe3 23. Nd6+ Kd7 24. Rab1 Bd4 25. Be2 Nd5 26. Nxf7 Rhf8 27. Rxb8
Rxb8 28. Ne5+ Bxe5 29. fxe5 Qxe5 30. Rf7+ Ne7 31. Qd1+ Ke8 32. Bh5 g6 33. Bxg6
e2 34. Rf2+ Nxg6 35. Rxe2 Qxc5+ 36. Kf1 Ke7 37. Qa4 Rb1+ 38. Kg2 Rg1+ 39. Kf3
Rf1+ 40. Kg2 Rg1+ 41. Kf3 Kf6 42. Rf2 Kg7 43. Rd2 Ne5+ 44. Kf4 Rf1+ 45. Ke4
Re1+ 0-1

[Event "Chigorin Memorial"]
[Site "St Petersburg"]
[Date "2015.10.08"]
[Round "6.107"]
[White "Yakimenko, Viktoria"]
[Black "Reshetnikov, Ruslan"]
[Result "0-1"]
[WhiteElo "1974"]
[BlackElo "2178"]
[PlyCount "92"]
[EventDate "2015.10.03"]
[EventRounds "9"]
[EventCountry "RUS"]

1. e4 e6 2. d4 d5 3. Nd2 Be7 4. Ngf3 Nf6 5. e5 Nfd7 6. Bd3 c5 7. c3 Nc6 8. b3
a6 9. Bb2 b5 10. Rc1 b4 11. cxb4 Nxb4 12. Bb1 a5 13. a3 Nc6 14. Bd3 Qb6 15. Qe2
O-O 16. O-O a4 17. dxc5 Nxc5 18. Bb5 Na7 19. bxa4 Nxa4 20. Bxa4 Qxb2 21. Ra1
Qb6 22. Rfb1 Qa5 23. Qd1 Ba6 24. Nd4 Rfc8 25. h3 Rc3 26. Bc2 Rac8 27. N2b3 Qc7
28. f4 Nb5 29. Nxb5 Bxb5 30. Nd4 Bd7 31. Rb3 Rc4 32. Kh1 Ba4 33. Qd3 g6 34. f5
Rxc2 35. Nxc2 Bxb3 36. Qxb3 Qxc2 37. Qxc2 Rxc2 38. f6 Bd8 39. a4 Rc6 40. a5 Ra6
41. Rb1 Kf8 42. h4 Rxa5 43. h5 d4 44. hxg6 hxg6 45. Re1 d3 46. Rd1 Rxe5 0-1